Central Library OPAC University of Rajshahi

Practical business math : (Record no. 73784)

MARC details
000 -LEADER
fixed length control field 00808nam a2200265 a 4500
001 - CONTROL NUMBER
control field 73784
003 - CONTROL NUMBER IDENTIFIER
rucl marc code BD-RjUL
005 - DATE AND TIME OF LATEST TRANSACTION
control field 20211209082439.0
008 - FIXED-LENGTH DATA ELEMENTS--GENERAL INFORMATION
fixed length control field 170608s1982 iaua 001 0 eng d
020 ## - INTERNATIONAL STANDARD BOOK NUMBER
International Standard Book Number 0697080684
035 ## - SYSTEM CONTROL NUMBER
System control number (BD-RjUL)74002
040 ## - CATALOGING SOURCE
Original cataloging agency DLC
Transcribing agency DLC
Modifying agency BD-RjUL
Language of cataloging eng
041 ## - LANGUAGE CODE
Language code of text/sound track or separate title eng
082 00 - DEWEY DECIMAL CLASSIFICATION NUMBER
Classification number 513.9
Edition number 23
Author mark and year TUP 1982
100 1# - MAIN ENTRY--PERSONAL NAME
Personal name Tuttle, Michael D.
9 (RLIN) 218452
245 10 - TITLE STATEMENT
Title Practical business math :
Remainder of title a performance approach /
Statement of responsibility, etc. Michael D. Tuttle.
250 ## - EDITION STATEMENT
Edition statement 2nd ed.
260 ## - PUBLICATION, DISTRIBUTION, ETC. (IMPRINT)
Place of publication, distribution, etc. Dubuque, Iowa :
Name of publisher, distributor, etc. W. C. Brown Co.,
Date of publication, distribution, etc. c1978 [reprinting 1982].
300 ## - PHYSICAL DESCRIPTION
Pagination xiv, 513 p. :
Illustrations ill. ;
Size 28 cm.
500 ## - GENERAL NOTE
General note Includes index.
650 #0 - SUBJECT ADDED ENTRY--TOPICAL TERM
Topical term or geographic name as entry element Business mathematics.
9 (RLIN) 218453
Topical term or geographic name as entry element Business mathematics
General subdivision Problems, exercises, etc.
9 (RLIN) 218454
942 ## - ADDED ENTRY ELEMENTS (KOHA)
Source of classification or shelving scheme Dewey Decimal Classification
Koha item type Books
Holdings
Lost status Source of classification or shelving scheme Damaged status Not for loan Collection code Permanent Location Current Location Shelving location Date acquired Source of acquisition Total Checkouts Full call number Date last seen Copy number Koha item type
  Dewey Decimal Classification   Not For Loan Non-fiction Central Library, University of Rajshahi Central Library, University of Rajshahi Reading Room 29/10/2007 USA, Asia foundation   513.9 TUP 1982 08/06/2017 C-1 Books